Statistics for Geese Quiz

Click here to take the quiz!

General Stats

  • This quiz has been taken 4 times
  • The average score is 22 of 35

Answer Stats

HintAnswer% Correct
How many siblings does Katherine have?1
100%
How many siblings does Hannah have?1
100%
How many siblings does Sofia have?1
100%
How many siblings does Ana have?1
100%
How many siblings does Grasy have?3
100%
How many siblings does Sabrina have?5
100%
Who owns gold Oakley?Grasy
100%
Sabrina's Birthday?March 24
100%
Who owns gray Oakley?Andres
75%
Who met Donoho at the bar?Andy
75%
Grasy's Birthday?January 15
75%
What is J's real name?Jonathan
75%
Hannah's Birthday?June 15
75%
Sofia's Birthday?March 17
75%
Katherine's Birthday?October 22
75%
What is Sabrina's dog's name?Archie
50%
What is Sabrina's Ken's Job?Boat
50%
What is Katherine's Ken's Job?Car
50%
What softball position did Grasy play in college?Catcher
50%
What is Grasy's Stepdads name?Emilio
50%
Where does Andy work?Four Seasons
50%
Where was Ana born?Illinois
50%
Name the Sports Bar where two geese worked atJTs
50%
What is Kat's dog's name?Lexie
50%
Where is Hannah's Family From?Missouri
50%
Where does Kat's uncle live?NC
50%
What was Hannah's job in college?RA
50%
Ana's Birthday?September 13
50%
What state is Cass from?Tennessee
50%
Who is the Geese's hero?Beetlejuice
25%
What is Sofie's sister's name?Ericka
25%
What is Ana's dog's name?Nellie
25%
Where is (Above answer's) wedding venue?Spain
25%
What is Hannah's love language?Words of Affirmation
25%
Which goose and goose significant other went to school together?Sof & Philip
0%

Score Distribution

Percentile by Number Answered

Percent of People with Each Score

Your Score History

You have not taken this quiz